Sevilla FC all time xi - Statistics

General Stats
  • This quiz has been taken 45 times
  • The average score is 4 of 11
Answer Stats
Hint Answer % Correct
MF(Croatia) Ivan Rakitić
100%
FW(Mali) Frédéric Kanouté
78%
DF(Spain) Jesús Navas
78%
GK(Spain) Andrés Palop
63%
FW(Brazil) Luís Fabiano
56%
FW(Spain) Guillermo Campanal
16%
DF(Spain) Manolo Jiménez
13%
MF(Spain) Rafa Paz
13%
DF(Spain) Antonio Álvarez
3%
DF(Spain) Diego Rodríguez
3%
MF(Spain) Francisco López
3%
No matching quizzes found
Score Distribution
Percent of People with Each Score
Percentile by Number Answered
Your Score History
You have not taken this quiz